La reforma procesal penal como política pública (Registro nro. 25076)
[ vista simple ]
| 000 -LEADER | |
|---|---|
| fixed length control field | 00373 a2200109 4500 |
| 001 - CONTROL NUMBER | |
| control field | ART_34710 |
| 005 - DATE AND TIME OF LATEST TRANSACTION | |
| control field | 20260410161852.0 |
| 008 - FIXED-LENGTH DATA ELEMENTS--GENERAL INFORMATION | |
| fixed length control field | 260409a |
| 100 1# - MAIN ENTRY--PERSONAL NAME | |
| Personal name | Erbetta, Daniel Aníbal |
| 245 10 - TITLE STATEMENT | |
| Title | La reforma procesal penal como política pública |
| 773 0# - HOST ITEM ENTRY | |
| Title | Derecho Penal |
| Related parts | Código procesal penal de la Nación - Año IV, Nº 10 (oct. 2015) |
| Record control number | REV10351 |
No hay ítems disponibles.